Statistics for 100 Greatest TV Shows of All Time (Rolling Stone)

Click here to take the quiz!

General Stats

  • This quiz has been taken 480 times
  • The average score is 22 of 100

Answer Stats

Rank Show % Correct
26Friends
83%
6The Simpsons
69%
3Breaking Bad
66%
5Seinfeld
65%
1The Sopranos
64%
20Cheers
60%
12Game of Thrones
57%
16M*A*S*H
56%
50ER
52%
32I Love Lucy
46%
2The Wire
45%
8Saturday Night Live
43%
33South Park
43%
9All in the Family
42%
21The Office (U.K.)
41%
39Lost
41%
48The Office (U.S.)
41%
46The Mary Tyler Moore Show
39%
28The X-Files
35%
4Mad Men
35%
70Roseanne
34%
18Star Trek
34%
65Happy Days
33%
81Dallas
33%
77The Walking Dead
31%
82The Jeffersons
29%
27Arrested Development
29%
15The West Wing
29%
99Oz
28%
62Sex and the City
28%
98The Golden Girls
28%
83House of Cards
27%
38Buffy the Vampire Slayer
26%
7The Twilight Zone
25%
30The Tonight Show With Johnny Carson
24%
5624
24%
55Six Feet Under
23%
17Twin Peaks
23%
90The Dick Van Dyke Show
23%
19Curb Your Enthusiasm
22%
59Hill Street Blues
21%
37Orange Is the New Black
21%
42NYPD Blue
21%
41The Honeymooners
20%
49Taxi
20%
92American Idol
19%
87Doctor Who
19%
23Deadwood
19%
96Gunsmoke
18%
3430 Rock
18%
25Veep
18%
31Sesame Street
17%
13Late Night With David Letterman
17%
45Battlestar Galactica
16%
66Downton Abbey
15%
57Fawlty Towers
15%
29Monty Python's Flying Circus
15%
24Friday Night Lights
14%
11Freaks and Geeks
14%
89Homeland
14%
40The Shield
14%
44Columbo
13%
76Late Night With Conan O’Brien
13%
53The Bob Newhart Show
13%
69The Ed Sullivan Show
12%
86Good Times
11%
94Jeopardy
11%
51Fargo
11%
43The Americans
11%
63The Wonder Years
10%
10The Daily Show
9%
52The Colbert Report
9%
79In Living Color
9%
58Roots
9%
72Girls
8%
36Law & Order
8%
60Beavis and Butt-Head
7%
14The Larry Sanders Show
7%
54The Muppet Show
7%
22Louie
7%
85The Real World
6%
35My So-Called Life
6%
78Thirtysomething
6%
97Portlandia
6%
75American Crime Story: The People vs. O.J. Simpson
6%
61Your Show of Shows
5%
67The Odd Couple
5%
47The Rockford Files
5%
73Transparent
5%
80The Fugitive
5%
95Key & Peele
4%
100Eastbound and Down
4%
93Mystery Science Theater 3000
4%
91Broad City
4%
84Real Time With Bill Maher
4%
64Chappelle’s Show
4%
88Party Down
3%
74The Ren & Stimpy Show
3%
71Mr. Show
3%
68The State
3%

Score Distribution

Percentile by Number Answered

Percent of People with Each Score

Your Score History

You have not taken this quiz